De Saint Germain a Montmartre / (Record no. 179947)

MARC details
000 -LEADER
campo de control de longitud fija 00950nam a2200265 i 4500
001 - NÚMERO DE CONTROL
campo de control 179947
003 - IDENTIFICADOR DE NÚMERO DE CONTROL
campo de control ES-MaACL
005 - FECHA Y HORA DE LA ÚLTIMA TRANSACCIÓN
campo de control 20230927172138.0
008 - DATOS DE LONGITUD FIJA--INFORMACIÓN GENERAL
campo de control de longitud fija 120306s2006 sp a |||| |dspa d
020 ## - NÚMERO INTERNACIONAL ESTÁNDAR DEL LIBRO
Número Internacional Estándar del Libro 84-96219-70-4
080 ## - NÚMERO DE LA CLASIFICACIÓN DECIMAL UNIVERSAL
Número de la Clasificación Decimal Universal 908(443.611)
080 ## - NÚMERO DE LA CLASIFICACIÓN DECIMAL UNIVERSAL
Número de la Clasificación Decimal Universal 821.134.2-94"19"
100 1# - ENTRADA PRINCIPAL--NOMBRE DE PERSONA
Nombre de persona Callabed i Carracedo, Joaquim.
9 (RLIN) 139912
245 10 - MENCIÓN DEL TÍTULO
Título De Saint Germain a Montmartre /
Mención de responsabilidad, etc. Joaquín Callabed.
260 ## - PUBLICACIÓN, DISTRIBUCIÓN, ETC.
Lugar de publicación, distribución, etc. Zaragoza :
Nombre del editor, distribuidor, etc. Libros Certeza,
Fecha de publicación, distribución, etc. [2006]
300 ## - DESCRIPCIÓN FÍSICA
Extensión 129 p. :
Otras características físicas il. ;
Dimensiones 21 cm.
490 1# - MENCIÓN DE SERIE
Mención de serie Cantela ;
Designación de volumen o secuencia 12
651 #4 - PUNTO DE ACCESO ADICIONAL DE MATERIA--NOMBRE GEOGRÁFICO
Nombre geográfico París-
Subdivisión general Vida intelectual-
Subdivisión cronológica S.XX.
9 (RLIN) 9214
651 #4 - PUNTO DE ACCESO ADICIONAL DE MATERIA--NOMBRE GEOGRÁFICO
Nombre geográfico Montparnasse (París, Barrio)-
Subdivisión general Vida intelectual.
9 (RLIN) 148053
830 0# - PUNTO DE ACCESO ADICIONAL DE SERIE-TÍTULO UNIFORME
Título uniforme Cantela ;
Designación de volumen o secuencia 12
9 (RLIN) 224567
852 ## - LOCALIZACIÓN
Ubicación ES-MaACL
Número de control de estantería A-12005
itemnumber 186852
Sublocalización o colección R.146964
Ubicación en estantería Depósito 1
Signatura antigua Olim: N-5010
Encuadernación Donación: Joaquín Caballed
Nota libre Dedicatoria autógrafa del autor
903 ## - NOMBRE PERSONAL DE DONANTE
9 139912
a Callabed i Carracedo, Joaquim
e Donante
942 ## - ELEMENTOS DE ENTRADA SECUNDARIOS (KOHA)
Fuente del sistema de clasificación o colocación Clasificación decimal universal
Tipo de ítem Koha Libro impreso
Holdings
Estatus retirado Estado de pérdida Fuente del sistema de clasificación o colocación Estado de daño No para préstamo Colección Biblioteca de origen Biblioteca actual Ubicación en estantería Fecha de adquisición Fuente de adquisición Total de préstamos Signatura topográfica completa Código de barras Visto por última vez Precio de reemplazo Tipo de ítem Koha Nota pública
    Clasificación decimal universal     Libros con dedicatorias Biblioteca del Ateneo de Madrid Biblioteca del Ateneo de Madrid Depósito 1 06/03/2012 Donación   A-12005 1189048 23/02/2023 23/02/2023 Libro impreso Dedicatoria autógrafa del autor